Riconosci l'artista dall'opera - Statistics

Statistiche generali
  • Questo quiz è stato fatto 118 volte
  • Il punteggio medio è 21 su 40
Statistiche sulle risposte
OPERA ARTISTA % Corretto
Guernica Picasso
99%
Tempio malatestiano a Rimini Leon/Alberti
98%
La Gioconda Leonardo
98%
Giudizio Universale della Cappella Sistina Michelangelo
98%
La Notte Stellata Van Gogh
93%
La Venere e la Primavera Botticelli
86%
La scuola di Atene Raffaello
84%
Affreschi della Basilica di San Francesco d'Assisi Giotto
77%
La persistenza della memoria Dalì
73%
Cupola di Santa Maria del Fiore a Firenze Brunelleschi
71%
La vocazione di San Matteo Caravaggio
67%
Sagrada Familia Gaudì
66%
Fucilazioni del 3 maggio 1808 Goya
62%
Monumento equestre al Gattamelata Donatello
58%
Libertà che guida il popolo Delacroix
57%
La Danza Matisse
57%
Baldacchino di San Pietro Bernini
56%
Paolina Borghese Canova
56%
L'assenzio Degas
56%
Venere di Urbino Tiziano
49%
Sant'Ivo alla Sapienza Borromini
42%
Napoleone che valica le Alpi David
42%
Camera degli sposi Mantegna
42%
Fregio del Partenone Fidia
41%
Zattera della medusa Gericault
41%
Il battesimo di Cristo Piero della Francesca/Piero
41%
Reggia di Caserta Vanvitelli
40%
Doriforo Policleto
36%
Ritratto dei coniugi Arnolfini Van Eyck
33%
La Rotonda e Villa Barbaro-Volpi Palladio
31%
Il pagamento del tributo e la Trinità Masaccio
28%
Pantheon Agrippa
24%
Basilica di Superga Juvarra
22%
San Marco libera uno schiavo Tintoretto
22%
Convito in casa Levi Veronese
21%
Il vagone di terza classe Daumier
20%
Napoleone sul trono imperiale Ingres
19%
Palazzo Te Romano
19%
Cappella della Sacra Sindone Guarini
17%
Altare della basilica di Sant'Ambrogio a Milano Voulvino/Voul
11%
Nessun quiz corrispondente trovato
Distribuzione punteggi
Percentuale di utenti per punteggio
Percentile per numero di risposta
I tuoi punteggi nel tempo
Non hai fatto questo quiz